| 000 | 01545cam a2200325 i 4500 | ||
|---|---|---|---|
| 999 |
_c57891 _d57891 |
||
| 001 | 18972148 | ||
| 005 | 20210326171102.0 | ||
| 008 | 160211s20162016nju 001 0 eng | ||
| 020 | _a9781118875094 (paperback) | ||
| 041 | _aeng | ||
| 080 | _a364+159 B-90 | ||
| 100 |
_aBrue, Alan W., _910768 |
||
| 245 | 1 | 0 |
_aEssentials of intellectual disability assessment and identification / _cAlan W. Brue, Linda Wilmshurst. |
| 264 | 4 |
_c2016. _aHoboken, New Jersey : _bJohn Wiley & Sons, Inc., |
|
| 300 |
_a174 pages ; _c22 cm. |
||
| 490 | 0 | _aEssentials of psychological assessment | |
| 504 | _abibliographical (pages 157-165) and index. | ||
| 650 | 0 |
_aMental retardation. _910769 |
|
| 650 | 0 |
_aDevelopmental disabilities. _910770 |
|
| 650 | 0 |
_aIntelligence tests. _910771 |
|
| 650 | 0 |
_aEducational tests and measurements. _910772 |
|
| 650 | 7 |
_aPSYCHOLOGY / Assessment, Testing & Measurement. _2bisacsh _910773 |
|
| 653 | _aინტელექტუალური უნარშეზღუდულობის შეფასების და იდენტიფიკაციის საფუძვლები | ||
| 653 | _aფსიქოლოგია | ||
| 653 | _aგანვითარების შეზღუდული შესაძლებლობები | ||
| 653 | _aგონებრივი ჩამორჩენა | ||
| 700 | 1 |
_aWilmshurst, Linda, _eავტორი _910774 |
|
| 856 | 4 | 2 |
_3Cover image _uhttp://catalogimages.wiley.com/images/db/jimages/9781118875094.jpg |
| 942 |
_2udc _cBK |
||